00377nam a2200157Ia 4500003000400000008004100004040001600045082001600061100002000077245003400097700001400131260004200145300000800187650000900195650001500204GCL140319s9999 xx 000 0 eng d aGCL / cGCL04a709.38bB G1 aARTAUD, ANTONIN10aGREEK ART / cARTAUD, ANTONIN1 aGREEK ART a[S.N] : bTHAMES AND HUDSON ، c1994 a25204aARTS04aART, GREEK